Normal view
MARC view
- Decoration and ornament
Entry Topical Term
001 - CONTROL NUMBER
- control field: 121151
003 - CONTROL NUMBER IDENTIFIER
- control field: NUST
005 - DATE AND TIME OF LATEST TRANSACTION
- control field: 20240222162741.0
008 - FIXED-LENGTH DATA ELEMENTS
- fixed length control field: 240222|| aca||aabn | a|a d
040 ## - CATALOGING SOURCE
- Original cataloging agency: NUST
- Transcribing agency: NUST
150 ## - HEADING--TOPICAL TERM
- Topical term or geographic name entry element: Decoration and ornament
- Form subdivision: Art nouveau
670 ## - SOURCE DATA FOUND
- Source citation: Work cat.: (NUST): Gear, Alan D. 121045, Art nouveau glass painting/, 2007.
